00615nam a2200169Ia 4500008004100000020001500041041000800056082001700064100002000081245011700101250000600218260004400224300001200268650002000280999001900300952012600319210716s2006 xx 000 0 und d a8131405508 aeng a658.802 PANT aPanda, Tapan K. aContemporary marketing: changing face of marketing in 21st century.bChanging face of marketing in 21st century. a1 aHyderabadbICFAI University Pressc2006 axxv,236 aRural Marketing c202299d202299 001040708MBAaAIMITbAIMITd2008-03-03g475.00l0o658.802 PANTpMBA04865r2026-05-23 00:00:00v380.00w2021-07-16yBK